Diários do Vampiro - (Record no. 441)

MARC details
000 -LÍDER
campo de controle de tamanho fixo 01329nam a2200325 4500
001 - NÚMERO DE CONTROLE
campo de controle 441
003 - IDENTIFICADOR DO NÚMERO DE CONTROLE
campo de controle OSt
005 - DATA E HORÁRIO DA ÚLTIMA TRANSAÇÃO
campo de controle 20250701101243.0
008 - CAMPO DE DADOS FIXOS--INFORMAÇÃO GERAL
campo de controle de tamanho fixo 250630b |||||||g |||| 00| 1 eng d
020 ## - ISBN - INTERNATIONAL STANDARD BOOK NUMBER
ISBN - International Standard Book Number 9788501086150
040 ## - FONTE DA CATALOGAÇÃO
Idioma da catalogação por
041 ## - CÓDIGO DE IDIOMA
Código do idioma do original e/ou traduções intermediárias do texto eng
Código do idioma do texto/trilha sonora ou título diferente por
082 ## - CDD - CLASSIFICAÇÃO DECIMAL DE DEWEY
Número de Classificação 813
Número do exemplar S654d
100 1# - ENTRADA PRINCIPAL--NOME PESSOAL
Nome pessoal Smith, L. J.
Datas associadas ao nome 1887-1968.
240 ## - TÍTULO UNIFORME
Título uniforme The awakening.
245 ## - TÍTULO
Título Diários do Vampiro -
Restante do título O Despertar /
Indicação de responsabilidade, etc. Smith, L. J ; Tradução de Ryta Vinagre
250 ## - EDIÇÃO
Declaração de edição 5 ed.
260 ## - PUBLICAÇÃO, DISTRIBUIÇÃO, ETC.
Local de publicação, distribuição, etc. Rio de Janeiro
Nome do editor, distribuidor, etc. Galera Record
Data da publicação, distribuição, etc. 2009
300 ## - DESCRIÇÃO FÍSICA
Extensão 236 p.
520 ## - NOTA DE RESUMO, ETC.
Resumo, etc. Stefan Salvatore é imortal. E está condenado. Há séculos ele procura redenção e paz, até que chega à pequena cidade de Fell's Church e conhece Elena...<br/><br/>Mesmo sendo a garota mais popular e adorada da escola, Elena se sente sozinha, até encontrar sua alma gêmea, Stefan, um vampiro perseguido pelo irmão Demon...<br/><br/>Um vampiro sexy e misterioso, Damon quer vingança a qualquer custo e não medirá esforços para conseguir o que deseja.
650 #0 - ASSUNTO--TERMO TÓPICO
Cabeçalho tópico ou nome geográfico Literatura Americana
9 (RLIN) 84
650 #0 - ASSUNTO--TERMO TÓPICO
Cabeçalho tópico ou nome geográfico Vampiros
9 (RLIN) 972
650 #0 - ASSUNTO--TERMO TÓPICO
Cabeçalho tópico ou nome geográfico Romance sobrenatural
9 (RLIN) 973
650 #0 - ASSUNTO--TERMO TÓPICO
Cabeçalho tópico ou nome geográfico Fantasia sombria
9 (RLIN) 974
655 #0 - TERMO DE ÍNDICE--GÊNERO E FORMA
Gênero/forma/ou termo foco Romance
655 #0 - TERMO DE ÍNDICE--GÊNERO E FORMA
Gênero/forma/ou termo foco Ficção
700 ## - ENTRADA ADICIONADA - NOME PESSOAL
Nome pessoal Ryta Vinagre
Função do autor por extenso TRADUTOR
9 (RLIN) 975
830 ## - ENTRADA SECUNDÁRIA DE SÉRIE--TÍTULO UNIFORME
Título uniforme Diários do Vampiro
Número do volume ou designação sequencial da série vol. 01
9 (RLIN) 976
942 ## - ELEMENTOS DE ENTRADA ADICIONADOS (KOHA)
Fonte de classificação ou esquema de arquivamento Classificação decimal de Dewey
Ocultar no OPAC Não
Tipo de material Koha Livros
Holdings
Situação do descarte Situação das perdas Fonte de classificação ou esquema de arquivamento Status danificado Não pode ser emprestado Coleção Biblioteca de origem Biblioteca atual Localização na estante Data de aquisição Fonte de aquisição Total de empréstimos Número de chamada completo Código de barras Data de último acesso Data do preço efetivo Tipo de material Koha
    Classificação decimal de Dewey     Ficção Biblioteca Professor Eduardo Afonso de Castro Biblioteca Professor Eduardo Afonso de Castro Literatura Estrangeira 30.06.2025 doação   813 / S654d 2025-17372 30.06.2025 30.06.2025 Livros

Powered by Koha